|
|
|
|
| LEADER |
00000nab a2200000 a 4500 |
| 001 |
vtls000883828 |
| 003 |
SK-MaSNL |
| 005 |
20260304132007.0 |
| 008 |
250429c2002 xo 0 slo |
| 015 |
|
|
|a SNBRA2004/09-25939
|
| 035 |
|
|
|a CLN000235298
|
| 035 |
|
|
|a urn:nbn:sk:snk-abt6k
|
| 035 |
|
|
|a (urnnbn)urn:nbn:sk:snk:ar-a03xpu
|
| 035 |
|
|
|a (uuid)fd9f71e7-cd86-431e-9ebe-0020656477b7
|
| 040 |
|
|
|a SNKBUCL
|b slo
|c SNKBUCL
|e AACR2
|
| 041 |
0 |
|
|a slo
|
| 044 |
|
|
|a xo
|c SK
|
| 080 |
|
|
|a 903.23(437.6)"637":902
|2 1997
|
| 080 |
|
|
|a 903.25(437.6)"637":902
|2 1997
|
| 080 |
|
|
|a 902.2(437.6)
|2 1997
|
| 100 |
1 |
|
|a Hriž, Róbert
|4 aut
|9 323135
|
| 245 |
1 |
0 |
|a Sídliskové(?) nálezy z doby bronzovej v Chotči
|c Róbert Hriž - Marián Vizdal
|
| 300 |
|
|
|b Obr. v 2. časti zborníka
|
| 504 |
|
|
|a Res. nem.
|
| 650 |
0 |
7 |
|a nášivky plechové bronzové
|y doba bronzová
|z Chotča (Slovensko)
|2 snkbucl
|9 1446251
|
| 650 |
0 |
7 |
|a keramika
|y doba bronzová
|z Chotča (Slovensko)
|2 snkbucl
|9 1446252
|
| 651 |
|
7 |
|a Chotča (Slovensko)
|2 snkbucl
|9 59559
|
| 655 |
|
7 |
|a články zo zborníkov
|2 snkbucl
|9 166140
|
| 700 |
1 |
|
|a Vizdal, Marián,
|d 1957-
|4 aut
|9 106578
|
| 773 |
0 |
|
|t Archeologické výskumy a nálezy na Slovensku v roku 2001. 1., Textová časť
|d Nitra : Archeologický ústav Slovenskej akadémie vied, 2002
|g S. 69-70
|x 0231-925X
|z 8088709598
|
| 850 |
|
|
|a Slovenská národná knižnica
|
| 852 |
|
|
|a Slovenská národná knižnica
|
| 954 |
|
|
|a odborná, vedecká literatúra pôvodná (slovenská)
|2 lita
|
| 957 |
|
|
|a 711
|
| 958 |
|
|
|a article27
|
| 958 |
|
|
|a NB
|
| 958 |
|
|
|a OND
|
| 958 |
|
|
|a EUIPO
|
| 999 |
|
|
|c 2898099
|d 2900029
|